书目信息 |
| 题名: |
且向长河看落日
|
|
| 作者: | 陈文新 , 鲁小俊 著 | |
| 分册: | ||
| 出版信息: | 昆明 云南人民出版社 2001.08 |
|
| 页数: | 338页 | |
| 开本: | 32开 | |
| 丛书名: | 素质教育书系 | |
| 单 册: | ||
| 中图分类: | I207.419 | |
| 科图分类: | ||
| 主题词: | 文学--中国 | |
| 电子资源: | ||
| ISBN: | 7-222-03074-3 | |
| 000 | 00784nam0 2200253 45 | |
| 001 | 0110141691 | |
| 005 | 20031219104058.4 | |
| 010 | @a7-222-03074-3@dCNY18.80 | |
| 100 | @a20011014d2001 km y0chiy0120 ea | |
| 101 | 0 | @achi |
| 105 | @a z 000yy | |
| 200 | 1 | @a且向长河看落日@AQie Xiang Chang He Kan Luo Ri@e《儒林外史》@E《Ru Lin Wai Shi》@f陈文新,鲁小俊著@FChen Wen Xin,Lu Xiao Jun Zhu |
| 210 | @a昆明@c云南人民出版社@d2001.08 | |
| 215 | @a338页@d32开 | |
| 225 | @a素质教育书系@i经典解读 | |
| 410 | @12001 @a素质教育书系 | |
| 517 | @a《儒林外史》@A《Ru Lin Wai Shi》 | |
| 605 | @a儒林外史@x评论 | |
| 606 | 0 | @a文学@x中国 |
| 690 | @aI207.419@v4 | |
| 701 | @a陈文新@4著 | |
| 701 | 0 | @a鲁小俊@4著 |
| 801 | @aCN@bTSTC@c20011014 | |
| 905 | @b315644-645@dI207.419@e360@f2 | |
| 且向长河看落日:《儒林外史》/陈文新,鲁小俊著.-昆明:云南人民出版社,2001.08 |
| 338页;32开.-(素质教育书系.经典解读) |
| ISBN 7-222-03074-3:CNY18.80 |
| ● |
| 相关链接 |
|
|
|
|
正题名:且向长河看落日
索取号:I207.419/360
 
预约/预借
| 序号 | 登录号 | 条形码 | 馆藏地/架位号 | 状态 | 备注 |
| 1 | 0315644 | 203156440 | 第二借阅区/ [索取号:I207.419/360] | 在馆 | |
| 2 | 0315645 | 203156459 | 第一样本阅览室/ [索取号:I207.419/360] | 在馆 |